Statistiche per Riconosci il Calciatore - Quiz n°1004

Clicka qui per fare il quiz!

Statistiche generali

  • Questo quiz è stato fatto 4 volte
  • Il punteggio medio è 11 su 26

Statistiche sulle risposte

IndizioRisposta% Corretto
RuoloAttaccante
100%
NazionalitàFrancia / Senegal
100%
Data di nascita25/05/1985
67%
Trofei per clubCampionato tedesco di seconda divisione: 1
Hoffenheim: 2007-2008
Campionato turco: 2
Beşiktaş: 2016-2017
İstanbul Başakşehir: 2019-2020
67%
Squadra di club 5Chelsea 2013-2014
67%
Squadra di club 4West Ham Utd 2011-2011
67%
Trofei per nazionali0
33%
Altezza190 cm
33%
Gol nei club215
33%
Presenze in nazionale22
33%
Gol in nazionale4
33%
Presenze nei club465
33%
Peso85 kg
33%
Squadra di club 6Beşiktaş 2014-2015
33%
Squadra di club 8Beşiktaş 2017-2017
33%
Trofei individualiFA Premier League Player of the Month: 1
2011-2012 - Dicembre
33%
Squadra di club 10Göztepe 2018-2018
33%
Squadra di club 3Hoffenheim 2007-2011
33%
Squadra di club 12İstanbul Başakşehir 2019-2021
33%
Squadra di club 13Lugano 2021-2021
33%
Squadra di club 2R.E. Mouscron 2006-2007
33%
Squadra di club 1Rouen 2005-2006
33%
Squadra di club 7Shanghai Shenhua 2015-2017
33%
Squadra di club 9Shanghai Shenhua 2017-2018
33%
Squadra di club 11Shanghai Shenhua 2018-2019
33%
CalciatoreDemba Ba
0%

Distribuzione punteggi

Percentile per numero di risposta

Percentuale di utenti per punteggio

I tuoi punteggi nel tempo

Non hai fatto questo quiz